Los hacendados chilenos y las fundaciones del siglo XVIII

Uloženo v:
Podrobná bibliografie
Hlavní autor: Lorenzo Schiaffino, Santiago (autor)
Médium: Kniha
Jazyk:španělština
Vydáno: Santiago, Chile Academia Chilena de la Historia 1994
Témata:
Tagy: Přidat tag
Žádné tagy, Buďte první, kdo vytvoří štítek k tomuto záznamu!

MARC

LEADER 00000nam a2200000 a 4500
001 UCU9608
003 CL-VaPUC
005 20220118074207.0
008 960823e19940000CL |||||||||||||||||spa|d
999 |c 251320  |d 251318 
040 |c Pontificia Universidad Católica de Valparaíso 
082 0 4 |a 983.03 LOR 1994  |2 21 
100 |a Lorenzo Schiaffino, Santiago  |e autor  |9 744694 
245 1 4 |a Los hacendados chilenos y las fundaciones del siglo XVIII 
260 |a Santiago, Chile  |b Academia Chilena de la Historia  |c 1994 
300 |a paginación irregular 
500 |a Separata del Boletin de la Academia Chilena de Historia, Nº 104 de 1994, p.p 87-105 
583 |a last modification  |c 20160817 05:47:06  |k Rodrigo Vera 
650 7 |a Historia de Chile  |2 CL-VaPUC  |9 314072  |y SIGLO 18  |x Zonas Rurales 
650 0 |a Propiedad privada  |z Chile  |v Desarrollo Rural  |9 257919 
852 |a BIBCUR 
942 |c BK  |2 ddc 
945 |d 19960823 00:00:00  |a nastorga 
952 |0 0  |1 0  |2 ddc  |4 0  |6 983_030000000000000_LOR_1994  |7 0  |8 A  |9 270407  |a BIBHIS  |b BIBHIS  |d 2019-11-19  |i 3224074  |o 983.03 LOR 1994  |p 3224074  |r 2025-01-20  |t 1  |w 2019-11-19  |y BK  |k HIS 
952 |0 0  |1 0  |2 ddc  |4 0  |6 983_030000000000000_LOR_1994  |7 0  |8 A  |9 270408  |a BIBHIS  |b BIBHIS  |d 2019-11-19  |i 3224082  |l 1  |m 7  |o 983.03 LOR 1994  |p 3224082  |r 2025-01-20  |s 2021-06-08  |t 2  |w 2019-11-19  |y BK  |k HIS